000 00549nam a2200205Ia 4500
003 OSt
005 20220331100448.0
008 210210b1970 xxu||||| |||| 00| 0 eng d
040 _aAL
_c
041 _aEnglish
082 _a539.7 LITA
100 _aLITTLEFIELD (T A) & THORLEY (N).
_926802
245 _aAtomic and nuclear physics: an introduction in S I units.
260 _aLondon
_bE L B S
_c1970
300 _aviii,476
650 _aNuclear Physics Atomic
_926803
690 _aAtomic Physics
_926804
906 _a029526
942 _2ddc
_cBK
999 _c80740
_d80740